Online Catalogue and eLibrary

The Sinhala peasant in changing society (Record no. 2224)

MARC details
000 -LEADER
fixed length control field 00233nam a2200097Ia 4500
008 - FIXED-LENGTH DATA ELEMENTS--GENERAL INFORMATION
fixed length control field 240331s9999 xx 000 0 und d
082 ## - DDC Classification
Item Number - Author Mark HET
100 ## - MAIN ENTRY--PERSONAL NAME
Personal name Hettiarachchy, T
245 #4 - TITLE STATEMENT
Title The Sinhala peasant in changing society
942 ## - Koha item type (Biblio)
Koha item type Books in Stacks (Lending)

No items available.

© WERC Library